Sistemas de administración de base de datos /

Guardado en:
Autor Principal: Kruglinski, David.
Formato: Libro
Idioma:Spanish
English
Publicado: México ; Buenos Aires : Osborne/McGraw-Hill, c1984.
Etiquetas: Agregar Etiqueta
Sin Etiquetas, Sea el primero en etiquetar este registro!
LEADER 00746nam a22001815a 4500
001 MAT.inmabb004881
008 080724s1984####mx#a#####b####001#0#spa#d
005 20170518174058.0
245 1 0 |a Sistemas de administración de base de datos /  |c David Kruglinski ; traducción: Sebastián Dormido Bencomo ; revisión técnica: Antonio Vaquero Sánchez. 
260 |a México ;  |a Buenos Aires :  |b Osborne/McGraw-Hill,  |c c1984. 
300 |a ix, 282 p. :  |b il. ;  |c 24 cm. 
500 |a Traducción de: Data base management systems : a guide to microcomputer software. c1983. 
504 |a "Bibliografía anotada": p. 277-278. 
020 |a 9684515979 
100 1 |a Kruglinski, David. 
084 |a 68  |2 msc2000 
041 1 |a spa  |h eng 
859 |h 68  |i K94  |p A-5789  |b BIB. MATEMATICA